Polscy Raperzy według wieku 2024 - Statystyki

Ogólne statystyki
  • Ten quiz został rozwiązany 625 razy
    603 od ostatniego zresetowania
  • Średni wynik to 16 z 32
Statystyki odpowiedzi
Data Raperzy % Poprawnych
1998 Oki,Young Leosia,Bedoes,Chivas,Jan-Rapowanie
94%
2000 Mata,Zeamsone,Kabe,Macias
85%
1994 Żabson,Szpaku,Kizo,Tymek,Wac Toja
84%
1996 Otsochodzi,White 2115,Kukon,PlanBe
83%
2003 Bambi,Schafter,Fukaj
80%
1989 Eripe,Kartky,Rufuz,Solar,Malik Montana
73%
1999 Aleshen,Young Igi,Qry,Kinny Zimmer
72%
1987 Białas
64%
1990 Taco Hemingway,Gedz
64%
1991 Quebonafide,Kronkel Dom
63%
1976 Peja,Tede
60%
1983 Kękę,Oskar,Słoń,Zeus
59%
1995 ReTo,Kubańczyk,Josef Bratan
57%
1977 Borixon,Pih,Sobota,Sokół
56%
1980 donGURALesko,Fokus,O.S.T.R,Pezet
55%
1997 Young Multi,Dziarma,OLSZAKUMPEL,Miszel
53%
1985 Hades,Małpa,Paluch
52%
1992 Guzior,Sarius,Belmondo
45%
1993 Deys,Alberto,Kuban
44%
2005 Cheatz,Nypel
41%
1988 Gruby Mielzky,Kaen,Kaz Bałagane
38%
2001 Sobel,Floral Bugs
37%
1978 Fisz,Rahim,Chada
34%
1981 Ero,Kali,Te-Tris
33%
2004 Waima,Asster
33%
1986 Grubson,Tau
28%
2002 Rusina,Jacuś
26%
1971 Liroy
21%
2006 Fligru,27.Fuckdemons
13%
1984 Bezczel,Bisz,VNM
12%
1979 Eldo
10%
1982 Łona,Ten Typ Mes,Bosski Roman
10%
Nie znaleziono quizów pasujących do podanych kryteriów
Rozkład punktacji
Procent ludzi z każdym wynikiem
Percentyl według liczby udzielonych odpowiedzi
Twoja historia wyników
Nie rozwiązałeś tego quizu od ostatniego zresetowania